| 000 | 00619nam a2200205 i 4500 | ||
|---|---|---|---|
| 001 | 36091 | ||
| 003 | ES-MaACL | ||
| 005 | 20230906155309.0 | ||
| 007 | t| | ||
| 008 | 030217s1946 sp ||||1| spa d | ||
| 100 | 1 |
_aBranco Ribeiro, Eurico. _931325 |
|
| 245 | 1 | 0 |
_aVaricocele / _cEurico Branco Ribeiro. |
| 250 | _a[1ª ed.]. | ||
| 260 |
_aBarcelona : _bSalvat, _c1946 ( _fImp. Hispano-Americana) |
||
| 300 |
_a97 p. : _bil. ; _c22 cm. |
||
| 490 | 1 |
_aManuales de medicina práctica ; _v90 |
|
| 830 | 0 |
_aManuales de medicina práctica ; _v90 _9181070 |
|
| 852 |
_aES-MaACL _j1896-F-3 _bR.26948 |
||
| 999 |
_c36091 _d36091 |
||